| 000 | 02061cam a22005054i 4500 | ||
|---|---|---|---|
| 003 | PE-LiUPU | ||
| 005 | 20250731180112.0 | ||
| 008 | 150623s1985 mx a rb 000 0 sp d | ||
| 035 | _a(Sirsi) a24054 | ||
| 040 |
_aPE-LiUPU _bspa _cPE-LiUPU _erda |
||
| 082 | 0 | 4 |
_a540 _bS521986 _221 |
| 100 | 1 |
_aSienko, Michell J., _eautor. |
|
| 245 | 1 | 0 |
_aQuímica : _bprincipios y aplicaciones / _cMichell J. Sienko. |
| 264 | 1 |
_aMéxico : _bMcGraw-Hill, _c1985. |
|
| 300 |
_a782 páginas : _bilustraciones, gráficos ; _c22 cm. |
||
| 336 |
_atext _2rdacontent |
||
| 337 |
_aunmediated _2rdamedia |
||
| 338 |
_avolume _2rdacarrier |
||
| 500 | _aaño 1985 (i.e.) 1986. | ||
| 504 | _aIncluye bibliografía. | ||
| 505 | 0 | _aQuímica y nomenclatura química. -Estequiometría. -Periodicidfad en el comportamiento químico. -Estructura interna de los atomos. -Móléculas y estructura molecular. -El estado gaseoso. -Líquidos, sólidos y cambio de estado. -Soluciones. -Reacciones en solución. -Termodinámica química. -Electroquímica. -Cinética química. -Equilibrio químico. -Hidrógeno, oxigeno y agua. -Equilibrio químico en soluciones acuosas. -Quimica del carbono. -quimica de algunos no metales diferentes del carbono. -El nucleo atómico. | |
| 526 | _aSEG44 | ||
| 526 | _aSEG26 | ||
| 526 | _aP159 | ||
| 526 | _aP155 | ||
| 526 | _aP154 | ||
| 526 | _aP153 | ||
| 526 | _aP150 | ||
| 526 | _aP100 | ||
| 526 | _aP31 | ||
| 526 | _aP30 | ||
| 526 | _aP26 | ||
| 526 | _aP25 | ||
| 526 | _aP24 | ||
| 526 | _aP22 | ||
| 526 | _aP15 | ||
| 526 | _aP10 | ||
| 650 | 0 | 4 | _aQuímica. |
| 700 | 1 | _aPlane, Robert A. | |
| 942 |
_2ddc _cBOOK |
||
| 949 |
_a540 S52 1986 _wDEWEY _c1 _i48310 _lCCODEBUL1 _mBUL _p00.00 _r0 _sY _tBOOK _u2015-06-24 _xINGENIERIA _zUNKNOWN _0COMPRA _o.STAFF. Colección General |
||
| 596 | _a1 | ||
| 999 |
_a540 S52 1986 _wDEWEY _c26209 _i48310 _d26209 _e2018-4-5 _f2021-11-5 _g7 _lCCODEBUL1 _mBUL _n5 _p45.00 _q3 _r0 _sY _tBOOK _u2015-6-24 _xBIBLIOTECA _zUNKNOWN _0COMPRA _o.STAFF. Colección General |
||
| 980 |
_81 _gALBERTO SANCHEZ Responsable de Automatización |
||